<?xml version="1.0" encoding="UTF-8"?>
<collection xmlns="http://www.loc.gov/MARC21/slim">
    <record>
        <controlfield tag="001">40356</controlfield>
        <controlfield tag="005">20170831220354.0</controlfield>
        <datafield tag="037" ind1=" " ind2=" ">
            <subfield code="a">GDOC-2013-3150</subfield>
        </datafield>
        <datafield tag="041" ind1=" " ind2=" ">
            <subfield code="a">spa</subfield>
        </datafield>
        <datafield tag="245" ind1="0" ind2="0">
            <subfield code="9">69134</subfield>
            <subfield code="a">Individual project (bibliographic and experimental study)</subfield>
        </datafield>
        <datafield tag="260" ind1=" " ind2=" ">
            <subfield code="a">Zaragoza</subfield>
            <subfield code="b">Universidad de Zaragoza</subfield>
            <subfield code="c">2013-2014</subfield>
        </datafield>
        <datafield tag="520" ind1=" " ind2=" ">
            <subfield code="a">The students will prepare an individual Project that could be chosen among the different research lines in the Institute of Nanoscience of Aragon, relevant to the actual scene in science and technology. The selection of the individual project, that will be tutored, should consider the previous background of the student. The individual projects presented last year were the following:  High speed water sterilization by using cellulose membranes grafted with metallic nanoparticles Palladium membranes for hydrogen removal in a two zone fluidized bed reactor for the dehydrogenation of propane. Large Pore Zeolites as Ionic Liquid Reservoirs in Polybenzimidazole membranes for High Temperature PEM Applications Development of strategies for zeolite seeding and growing zeolite membranes in silicon substrates. Mixed  matrix membranes (MOFs based) for separation applications </subfield>
        </datafield>
        <datafield tag="521" ind1=" " ind2=" ">
            <subfield code="9">674</subfield>
            <subfield code="a">Máster Universitario en Erasmus Mundus en Ingeniería de Membranas</subfield>
        </datafield>
        <datafield tag="540" ind1=" " ind2=" ">
            <subfield code="a">by-nc-sa</subfield>
            <subfield code="b">Creative Commons</subfield>
            <subfield code="c">3.0</subfield>
            <subfield code="u">http://creativecommons.org/licenses/by-nc-sa/3.0/</subfield>
        </datafield>
        <datafield tag="700" ind1=" " ind2=" ">
            <subfield code="9"></subfield>
            <subfield code="a"></subfield>
        </datafield>
        <datafield tag="830" ind1=" " ind2=" ">
            <subfield code="9">472</subfield>
        </datafield>
        <datafield tag="856" ind1="4" ind2=" ">
            <subfield code="s">77849</subfield>
            <subfield code="u">http://zaguan.unizar.es/record/40356/files/guia.pdf</subfield>
            <subfield code="y">Guía (idioma español)</subfield>
        </datafield>
        <datafield tag="980" ind1=" " ind2=" ">
            <subfield code="a">GDOC</subfield>
            <subfield code="b">Ciencias</subfield>
            <subfield code="c">100</subfield>
        </datafield>
    </record>

    
</collection>